Statistics for Худшие валюты в мире

Click here to take the quiz!

General Stats

  • This quiz has been taken 601 times
    (512 since last reset)
  • The average score is 6 of 20

Answer Stats

1$=Страна% Correct
42300Иран
76%
1400Ирак
58%
11100Узбекистан
44%
2500Сирия
43%
24800Вьетнам
42%
16900Лаос
35%
15500Индонезия
33%
4700Камбоджа
31%
2000Республика Конго
28%
3900Колумбия
27%
3400Монголия
25%
1400Ливан
23%
2100Мьянма
22%
8700Гвинея
22%
3700Уганда
21%
17600Сьерра-Леоне
19%
2000Бурунди
18%
2300Танзания
16%
7100Парагвай
16%
4300Мадагаскар
13%

Score Distribution

Percentile by Number Answered

Percent of People with Each Score

Your Score History

You have not taken this quiz since the last reset